Top US States by Ethnic Group - Extreme Version - Statistics

General Stats
  • This quiz has been taken 37 times
  • The average score is 12 of 40
Answer Stats
Ethnic Group State % of population % Correct
Mexican California 32.3%
84%
Cuban Florida 7.1%
61%
Haitian Florida 2.3%
58%
Arab Michigan 2.1%
58%
Filipino Hawaii 25.7%
52%
Cajun Louisiana 1.0%
48%
French Maine 11.8%
48%
Chinese Hawaii 15.4%
42%
Finnish Minnesota 1.7%
42%
Navajo New Mexico 6.5%
42%
German Wisconsin 36.4%
42%
Armenian California 0.6%
39%
Somali Minnesota 1.1%
39%
Swedish Minnesota 6.7%
39%
Iranian California 0.6%
35%
Irish New Hampshire 20.4%
35%
Norwegian North Dakota 21.4%
35%
Italian Connecticut 15.6%
32%
Vietnamese California 2.1%
29%
Puerto Rican Connecticut 8.2%
26%
Indian New Jersey 4.7%
26%
Portuguese Rhode Island 7.2%
26%
English Utah 27.2%
26%
Polish Wisconsin 7.8%
26%
Brazilian Massachusetts 1.3%
23%
Hmong Minnesota 1.8%
23%
Nigerian Maryland 1.0%
16%
Peruvian New Jersey 1.0%
16%
Russian North Dakota 2.1%
16%
Hungarian Ohio 1.3%
16%
Burmese Indiana 0.4%
13%
Scottish Maine 4.2%
13%
Salvadoran Maryland 3.4%
13%
Turkish New Jersey 0.3%
13%
Croatian Pennsylvania 0.3%
13%
Dominican Rhode Island 5.5%
13%
Greek New Hampshire 1.3%
10%
Czech Nebraska 3.8%
6%
Guatemalan Rhode Island 2.6%
6%
Dutch South Dakota 4.0%
6%
No matching quizzes found
Score Distribution
Percent of People with Each Score
Percentile by Number Answered
Your Score History
You have not taken this quiz